Suverénní fondy
Saved in:
| Main Author: | |
|---|---|
| Other Authors: | |
| Format: | Book |
| Language: | Czech |
| Published: |
Praha
Karolinum
2011
|
| Edition: | 1. vyd. |
| Subjects: | |
| Tags: |
No Tags, Be the first to tag this record!
|
MARC
| LEADER | 00000nam a2200000 4500 | ||
|---|---|---|---|
| 001 | 0182359 | ||
| 005 | 20240313090503.2 | ||
| 020 | |a 978-80-246-2023-7 | ||
| 041 | 0 | |a cze | |
| 044 | |a CZ | ||
| 245 | 1 | 0 | |a Suverénní fondy |c Jan Ander - Petr Teplý |
| 250 | |a 1. vyd. | ||
| 264 | 1 | |a Praha |b Karolinum |c 2011 | |
| 300 | |a 91 s. | ||
| 610 | 2 | 0 | |a fondy investičné |
| 610 | 2 | 0 | |a fondy štátne |
| 610 | 2 | 0 | |a Medzinárodný menový fond |
| 610 | 2 | 0 | |a aktíva |
| 610 | 2 | 0 | |a devízy |
| 610 | 2 | 0 | |a trh finančný |
| 610 | 2 | 0 | |a trh finančný medzinárodný |
| 610 | 2 | 0 | |a kríza finančná |
| 100 | 1 | |a Ander, Jan | |
| 700 | 1 | |a Teplý, Petr | |